John Bennyan His Life Times and Work Volo-Vol 2 (Record no. 27)

MARC details
000 -LEADER
fixed length control field 00400nam a2200145Ia 4500
008 - FIXED-LENGTH DATA ELEMENTS--GENERAL INFORMATION
fixed length control field 211109s9999||||xx |||||||||||||| ||und||
082 ## - DEWEY DECIMAL CLASSIFICATION NUMBER
Classification number 920
Item number JOH-J
100 ## - MAIN ENTRY--PERSONAL NAME
Personal name John, Brown
245 #0 - TITLE STATEMENT
Title John Bennyan His Life Times and Work Volo-Vol 2
260 ## - PUBLICATION, DISTRIBUTION, ETC.
Name of publisher, distributor, etc. Sir Issac Pitman & Sons
Place of publication, distribution, etc. London
Date of publication, distribution, etc. 1918
300 ## - PHYSICAL DESCRIPTION
Extent 246p
630 ## - SUBJECT ADDED ENTRY--UNIFORM TITLE
General subdivision General Stack
650 ## - SUBJECT ADDED ENTRY--TOPICAL TERM
Topical term or geographic name entry element Biography
942 ## - ADDED ENTRY ELEMENTS (KOHA)
Koha item type BOOK
650 ## - SUBJECT ADDED ENTRY--TOPICAL TERM
General subdivision Biography- Autobiographyh
Holdings
Withdrawn status Lost status Damaged status Not for loan Home library Current library Date acquired Cost, normal purchase price Total Checkouts Full call number Barcode Shelving location Date last seen Price effective from Koha item type
        SB LIBRARY SB LIBRARY 09/11/2021 100.00   920 JOH-J 00000019 GENERAL STACK 09/11/2021 09/11/2021 BOOK

Powered by Koha